С/С ++. Программирование на языке высокого уровня: учебник для вузов

গ্রন্থ-পঞ্জীর বিবরন
প্রধান লেখক: Павловская Т. А. Татьяна Александровна
সংক্ষিপ্ত:Задача этой книги — дать краткое и четкое изложение языка C++ в соответствии со стандартом ISO/IEC 14882. Она предназначена для студентов, изучающих язык «с нуля», но будет полезна и более искушенным в программировании. Цель, которая ставилась при написании книги — дать правильное представление о возможностях языка C++ и способах их применения, толчок к дальнейшему изучению этого и других языков программирования и ключ к пониманию современных объектно-ориентированных технологий. Контрольные задания по ключевым темам представлены в 20 вариантах, и автор надеется, что преподаватели оценят проявленную о них заботу.
ভাষা:রুশ
প্রকাশিত: СПб., Питер, 2006
মালা:Учебник для вузов
Издательская программа "300 лучших учебников для высшей школы в честь 300-летия Санкт-Петербурга"
বিষয়গুলি:
বিন্যাস: গ্রন্থ
KOHA link:https://koha.lib.tpu.ru/cgi-bin/koha/opac-detail.pl?biblionumber=90678

MARC

LEADER 00000nam0a2200000 4500
001 90678
005 20231031103653.0
010 |a 5947235684 
035 |a (RuTPU)RU\TPU\book\97232 
035 |a RU\TPU\book\46983 
090 |a 90678 
100 |a 20060214d2006 m y0rusy50 ca 
101 0 |a rus 
102 |a RU 
105 |a a j 011zy 
200 1 |a С/С ++. Программирование на языке высокого уровня  |e учебник для вузов  |f Т. А. Павловская 
210 |a СПб.  |c Питер  |d 2006 
215 |a 461 с.  |c ил. 
225 1 |a Учебник для вузов 
225 1 |a Издательская программа "300 лучших учебников для высшей школы в честь 300-летия Санкт-Петербурга" 
320 |a Алф. указ.: с. 450-460. 
330 |a Задача этой книги — дать краткое и четкое изложение языка C++ в соответствии со стандартом ISO/IEC 14882. Она предназначена для студентов, изучающих язык «с нуля», но будет полезна и более искушенным в программировании. Цель, которая ставилась при написании книги — дать правильное представление о возможностях языка C++ и способах их применения, толчок к дальнейшему изучению этого и других языков программирования и ключ к пониманию современных объектно-ориентированных технологий. Контрольные задания по ключевым темам представлены в 20 вариантах, и автор надеется, что преподаватели оценят проявленную о них заботу. 
451 1 |0 (RuTPU)RU\TPU\book\183711  |y 978-5-94723-568-5  |t С/С ++. Программирование на языке высокого уровня  |o учебник для вузов  |f Т. А. Павловская  |c СПб.  |n Питер  |d 2010  |p 461 с.  |a Павловская, Татьяна Александровна 
451 1 |0 (RuTPU)RU\TPU\book\43216  |y 5-318-00001-0  |t С/С ++ программирование на языке высокого уровня  |o учебник  |f Т. А. Павловская  |c СПб.  |n Питер  |d 2001  |p 464 с.  |s Учебник  |a Павловская, Татьяна Александровна 
610 1 |a языки программирования 
610 1 |a C++ 
610 1 |a структурное программирование 
610 1 |a объектно-ориентированное программирование 
610 1 |a стандартная библиотека 
610 1 |a учебники 
610 1 |a контрольные задания 
675 |a 681.3.06:800.92(075.8)  |v 3 
700 1 |a Павловская  |b Т. А.  |g Татьяна Александровна 
801 2 |a RU  |b 63413507  |c 20150905  |g PSBO 
900 |a Программирование 
942 |c BK 
952 |a 552800  |b 030100 
959 |a 28/20060512  |d 5  |e 178,53  |f УФ:5